000 01164nam a22002057a 4500
999 _c59641
_d59641
003 Ge_BSU
005 20230328104301.0
008 230327s2022 ge ||||| |||| 00| 0 geo d
041 _ageo
080 _a94(479.223):908(479.223) ა-14
100 _aაბაშიძე, შალვა
_913018
245 _aდედაო - ჩემო ქედაო :
_b(ქედის ისტორია უძველესი დროიდან 1921 წლამდე). ნაწილი 1 /
_c შალვა აბაშიძე ; მთ. რედაქტორი თამაზ აბულაძე ; წინასიტყვაობა როინ მეტრეველი.
264 _a[თბილისი],
_b
_c2022.
300 _a329 გვ. :
_b ფოტ. ;
_c30 სმ.
504 _aბიბლიოგრაფია: გვ. 325-326
653 _aქედის ისტორია
700 _aაბულაძე, თამაზ
_eრედაქტორი
_917290
700 _aმეტრეველი, როინ
_eწინასიტყვაობის ავტორი.
_917291
942 _2udc
_cBK